000 00472nam a2200205Ia 4500
003 OSt
005 20260203104817.0
008 250729s1900 xx 000 0 und d
020 _a978-0143064299
040 _cAL
041 _aeng
082 _a307.772 DSOT
100 _aBond Ruskin
_9228345
245 _aTribes on my frontier
260 _aMangalore
300 _a96p
650 _aSociology
_9228346
700 _aBoo Digumurthi
_9228347
942 _2ddc
_cBED
999 _c237966
_d237966